| 000 | 00429nam a2200181Ia 4500 | ||
|---|---|---|---|
| 001 | 8357 | ||
| 005 | 20260306160603.0 | ||
| 008 | 260306t2004||||xx |||||||||||||| ||spa|| | ||
| 041 | _aESP | ||
| 082 |
_a370.7 _bB83 |
||
| 100 |
_aBriones, Guillermo _eAUT |
||
| 245 | 0 | _aLa investigación social y educativa | |
| 260 | _c2004 | ||
| 300 |
_a162 pƔginas : _c23 cm. |
||
| 650 | _aGEN | ||
| 654 | _aCED | ||
| 942 |
_cLIB _dJUS _fJUS _2ddc _n |
||
| 999 |
_c8357 _d8357 |
||